000 00325nam a22001337a 4500
008 260218b ||||| |||| 00| 0 eng d
020 _a9951051456
041 _aeng
080 _a2.1
100 _a20.1
101 _aroman
245 _aFolkloristikë
_cLouri Honko, Anna-Leeno Sikola , John Miles Foley
942 _2lcc
_cBK
999 _c60824
_d60824